header

Economic and political impediments to Middle East peace (Record no. 11419)

MARC details
000 -LEADER
fixed length control field 01548nam a22003614a 4500
082 04 - DEWEY DECIMAL CLASSIFICATION NUMBER
Classification number 330.956
245 00 - TITLE STATEMENT
Title Economic and political impediments to Middle East peace
260 ## - PUBLICATION, DISTRIBUTION, ETC. (IMPRINT)
Place of publication New York :
Name of publisher St. Martin's Press,
Year of publication 2000.
300 ## - PHYSICAL DESCRIPTION
Number of Pages xxiv, 253 p. :
Other physical details ill.
490 1# - SERIES STATEMENT
Series statement International political economy series
650 #0 - SUBJECT ADDED ENTRY--TOPICAL TERM
Topical Term Arab-Israeli conflict
700 1# - ADDED ENTRY--PERSONAL NAME
Personal name Wright, J. W.
Personal name Drake, Laura.
856 40 - ELECTRONIC LOCATION AND ACCESS
Uniform Resource Identifier http://site.ebrary.com/lib/rucke/Doc?id=10015219

No items available.

© 2026 Rongo University
Contact us: librarian | system librarian | Rongo university